Los 494 refranes del "Seniloquium" / (Record no. 66368)

MARC details
000 -LEADER
campo de control de longitud fija 00776nam a2200241 i 4500
001 - NÚMERO DE CONTROL
campo de control 66368
003 - IDENTIFICADOR DE NÚMERO DE CONTROL
campo de control ES-MaACL
005 - FECHA Y HORA DE LA ÚLTIMA TRANSACCIÓN
campo de control 20250824063034.0
007 - CAMPO FIJO DE DESCRIPCIÓN FÍSICA--INFORMACIÓN GENERAL
campo de control de longitud fija t|
008 - DATOS DE LONGITUD FIJA--INFORMACIÓN GENERAL
campo de control de longitud fija 030429s2002 sp ||||0| spa d
020 ## - NÚMERO INTERNACIONAL ESTÁNDAR DEL LIBRO
Número Internacional Estándar del Libro 84-85944-98-4
040 ## - FUENTE DE CATALOGACIÓN
Centro catalogador/agencia de origen M-BN
Lengua de catalogación spa
Centro/agencia transcriptor M-BN
080 ## - NÚMERO DE LA CLASIFICACIÓN DECIMAL UNIVERSAL
Número de la Clasificación Decimal Universal 398.9(460)(038)
100 1# - ENTRADA PRINCIPAL--NOMBRE DE PERSONA
Nombre de persona Cantera, Jesús
Fechas asociadas al nombre 1923-2017
9 (RLIN) 34641
245 14 - MENCIÓN DEL TÍTULO
Título Los 494 refranes del "Seniloquium" /
Mención de responsabilidad, etc. Jesús Cantera Ortiz de Urbina, Julia Sevilla Muñoz.
260 ## - PUBLICACIÓN, DISTRIBUCIÓN, ETC.
Lugar de publicación, distribución, etc. Madrid :
Nombre del editor, distribuidor, etc. Guillermo Blázquez,
Fecha de publicación, distribución, etc. 2002.
300 ## - DESCRIPCIÓN FÍSICA
Extensión 129 p ;
Dimensiones 21 cm.
650 #4 - PUNTO DE ACCESO ADICIONAL DE MATERIA--TÉRMINO DE MATERIA
Término de materia o nombre geográfico como elemento de entrada Refranes y proverbios-
Subdivisión geográfica España-
Subdivisión de forma Diccionarios.
9 (RLIN) 16727
700 1# - ENTRADA AGREGADA--NOMBRE PERSONAL
Nombre de persona Sevilla Muñoz, Julia.
9 (RLIN) 105941
730 0# - ASIENTO SECUNDARIO--TITULO UNIFORME
Título uniforme Seniloquium.
9 (RLIN) 124507
852 ## - LOCALIZACIÓN
Ubicación ES-MaACL
Número de control de estantería L-26850
Sublocalización o colección R.132364
Holdings
Estatus retirado Estado de pérdida Estado de daño No para préstamo Biblioteca de origen Biblioteca actual Ubicación en estantería Fecha de adquisición Fuente de adquisición Total de préstamos Signatura topográfica completa Código de barras Visto por última vez Precio de reemplazo Tipo de ítem Koha
        Biblioteca del Ateneo de Madrid Biblioteca del Ateneo de Madrid Depósito 2 17/01/2008     L-26850 1069529 23/02/2023 23/02/2023 Libro impreso